000 00230nam a2200085Ia 4500
245 0 _aEffective communication
100 _a O'Rourke, James S., London, 2009
_985396
942 _cBK
008 210817s9999 xx 000 0 und d
999 _c318991
_d318990